[Event "SW Autumn"]
[Site "?"]
[Date "2022.10.16"]
[Round "5"]
[White "Bennett, Tom"]
[Black "Bagga, Khushi"]
[Result "1-0"]
[WhiteElo "1597"]
[BlackElo "1362"]
[PlyCount "61"]

1. d4 d5 2. Nf3 e6 3. e3 c5 4. c3 Nf6 5. Bd3 Bd6 6. Nbd2 Nc6 7. O-O O-O 8. Re1 b6 9. e4 dxe4 10. Nxe4 Nxe4 11. Bxe4 Bb7 12. Bxh7+ Kxh7 13. Ng5+ Qxg5 14. Bxg5 cxd4 15. Qh5+ Kg8 16. cxd4 e5 17. Bf6 Be7 18. dxe5 Nxe5 19. Bxe7 f6 20. Bxf8 Rxf8 21. f4 Nf7 22. Re7 Bc6 23. Rc1 Be8 24. Rcc7 a6 25. g4 b5 26. g5 fxg5 27. fxg5 b4 28. g6 Nh6 29. Rxg7+ Kh8 30. Rh7+ Kg8 31. Rcg7# 1-0

[Event "SW Autumn"]
[Site "?"]
[Date "2022.10.16"]
[Round "5"]
[White "Toczek, Grzegorz"]
[Black "Bullen, Alex"]
[Result "1/2-1/2"]
[WhiteElo "2253"]
[BlackElo "2099"]
[PlyCount "58"]

1. f4 d5 2. Nf3 Nh6 3. e3 Bg4 4. Be2 e6 5. O-O Nd7 6. b3 Be7 7. Bb2 Bf6 8. Ne5 Bxe2 9. Qxe2 Bxe5 10. fxe5 O-O 11. d3 Qg5 12. e4 Qg4 13. Qd2 dxe4 14. Rf4 e3 15. Qxe3 Qd1+ 16. Rf1 Qxc2 17. Ba3 Nf5 18. Qe4 Nc5 19. Qc4 Qxc4 20. dxc4 b6 21. Nc3 Rfd8 22. Bxc5 bxc5 23. Ne4 Ne3 24. Rfc1 Rd4 25. Nxc5 Rad8 26. Nb7 R8d7 27. Nc5 Rd8 28. Nb7 R8d7 29. Nc5 Rd8 1/2-1/2

[Event "SW Autumn"]
[Site "?"]
[Date "2022.10.16"]
[Round "5"]
[White "Macdonald, Duncan"]
[Black "Kandalasaran, Ganesh"]
[Result "1-0"]
[WhiteElo "1537"]
[BlackElo "1593"]
[PlyCount "85"]

1. c4 d6 2. Nc3 g6 3. d4 Nf6 4. e4 Bg7 5. Nf3 O-O 6. h3 c6 7. Be3 Nbd7 8. Be2 e5 9. d5 cxd5 10. cxd5 a6 11. a4 Qa5 12. Nd2 Nc5 13. O-O Ne8 14. Nb3 Nxb3 15. Qxb3 Qd8 16. Rac1 f5 17. f3 f4 18. Bf2 Qg5 19. Kh2 Nf6 20. Qb6 Ne8 21. b4 Qe7 22. a5 Bf6 23. Rc2 Bh4 24. Bxh4 Qxh4 25. Qf2 Qf6 26. Na4 Qd8 27. Nb6 Rb8 28. Rfc1 Bd7 29. Nxd7 Qxd7 30. Qb6 Nf6 31. Rc7 Qd8 32. Rxb7 Qxb6 33. Rxb6 Rxb6 34. axb6 Rb8 35. Rc6 Nd7 36. Rxd6 Nxb6 37. Bxa6 Kg7 38. b5 Nc4 39. Rc6 Na5 40. Rc7+ Kh6 41. d6 Rd8 42. d7 Nb3 43. b6 1-0

[Event "SW Autumn"]
[Site "?"]
[Date "2022.10.16"]
[Round "5"]
[White "Smith, Ellison"]
[Black "Sharhorodskyi, Yaroslav"]
[Result "1-0"]
[WhiteElo "1420"]
[BlackElo "1571"]
[PlyCount "53"]

1. e4 c6 2. d4 d5 3. e5 Bf5 4. Bd3 Bxd3 5. Qxd3 e6 6. Nf3 Qb6 7. Nbd2 Qa6 8. Qxa6 Nxa6 9. c3 c5 10. O-O Ne7 11. Nb3 Nc6 12. Be3 cxd4 13. Nbxd4 Nxd4 14. Bxd4 Nb8 15. Rac1 Nc6 16. Rfd1 Be7 17. c4 dxc4 18. Rxc4 O-O-O 19. Rdc1 Kb8 20. Kf1 Rd5 21. Bc5 Bd8 22. Nd4 Rxc5 23. Rxc5 Bb6 24. Nxc6+ bxc6 25. Rxc6 Rd8 26. Rd6 Rxd6 27. exd6 1-0

[Event "SW Autumn"]
[Site "?"]
[Date "2022.10.16"]
[Round "5"]
[White "Frame, Robert"]
[Black "Smith, Alun"]
[Result "0-1"]
[WhiteElo "1042"]
[BlackElo "1722"]
[PlyCount "28"]

1. e4 e6 2. d4 d5 3. e5 c5 4. f4 cxd4 5. Bb5+ Bd7 6. Bxd7+ Qxd7 7. Qxd4 Nc6 8. Qa4 Nxe5 9. Qd4 Nc6 10. Qa4 Nf6 11. Nf3 a6 12. c3 Rc8 13. a3 Bc5 14. Ke2 Nd4+ 0-1

[Event "SW Autumn"]
[Site "?"]
[Date "2022.10.16"]
[Round "5"]
[White "Williams, Steve"]
[Black "Rose, Isaac"]
[Result "1-0"]
[WhiteElo "1591"]
[BlackElo "1100"]
[PlyCount "49"]

1. d4 e5 2. dxe5 Nc6 3. Nf3 Qe7 4. Qd5 f6 5. exf6 Nxf6 6. Qd2 d5 7. g3 Bg4 8. Bg2 O-O-O 9. O-O Qd7 10. a3 Bh3 11. b4 Bxg2 12. Kxg2 a6 13. Bb2 Be7 14. Qd3 h5 15. h4 Rdg8 16. Ng5 Ne8 17. Nf7 Bf6 18. Nxh8 Rxh8 19. Nc3 Rg8 20. Rfd1 g5 21. Nxd5 gxh4 22. Nxf6 Rxg3+ 23. fxg3 Qh3+ 24. Kxh3 Nd8 25. Qxd8# 1-0

[Event "SW Autumn"]
[Site "?"]
[Date "2022.10.16"]
[Round "5"]
[White "Ley, Cyril"]
[Black "Wang, Andy"]
[Result "0-1"]
[WhiteElo "1567"]
[BlackElo "1399"]
[PlyCount "68"]

1. f4 d5 2. Nf3 Bf5 3. e3 Nf6 4. d3 e6 5. Be2 h6 6. O-O Bc5 7. Qe1 Nc6 8. c3 O-O 9. b4 Bb6 10. a4 a5 11. b5 Ne7 12. Kh1 c6 13. Ne5 cxb5 14. axb5 Bc7 15. Ba3 Rc8 16. Bxe7 Qxe7 17. g4 Bh7 18. Qg3 Nd7 19. d4 Nxe5 20. dxe5 Qc5 21. Na3 Bb6 22. Rfc1 Qxe3 23. Bf1 Qxg3 24. hxg3 Rc7 25. Nb1 Rfc8 26. c4 dxc4 27. Nc3 Be3 28. Rd1 b6 29. Rd6 Bc5 30. Rdd1 Bb4 31. Na4 Rb8 32. Bg2 c3 33. Bc6 c2 34. Rd4 Rcc8 0-1

[Event "SW Autumn"]
[Site "?"]
[Date "2022.10.16"]
[Round "5"]
[White "Parri, Deio"]
[Black "Beeston, Darson"]
[Result "1-0"]
[WhiteElo "1632"]
[BlackElo "1100"]
[PlyCount "105"]

1. d4 d5 2. c4 c6 3. Nc3 Bf5 4. e3 e6 5. Nf3 Nf6 6. Be2 dxc4 7. Bxc4 Be7 8. O-O O-O 9. Re1 Nbd7 10. e4 Bg6 11. Bg5 h6 12. Bh4 Nb6 13. Bb3 Rc8 14. Qe2 Nfd7 15. Bg3 Re8 16. Rad1 Nf6 17. Ne5 Bh5 18. f3 Bd6 19. Bf2 Qc7 20. g4 Bg6 21. Nxg6 Bxh2+ 22. Kh1 fxg6 23. e5 Bf4 24. exf6 gxf6 25. Bxe6+ Kg7 26. Qc2 Rcd8 27. Bb3 Bg3 28. Kg2 Bxf2 29. Qxf2 Re7 30. Rxe7+ Qxe7 31. Re1 Qd6 32. Qe3 Rd7 33. Qe8 Qf8 34. Qxf8+ Kxf8 35. Rd1 Nd5 36. Nxd5 cxd5 37. Rc1 b6 38. Rc8+ Kg7 39. Kf2 a5 40. Ba4 Rd6 41. Rc6 Rxc6 42. Bxc6 g5 43. Bxd5 Kf8 44. Be6 Ke7 45. d5 Kd6 46. Ke3 b5 47. Ke4 Ke7 48. Kf5 b4 49. Kg6 a4 50. Kxh6 Kd6 51. Kg6 Ke7 52. b3 axb3 53. axb3 1-0

[Event "SW Autumn"]
[Site "?"]
[Date "2022.10.16"]
[Round "5"]
[White "Reid, Curtis"]
[Black "Hollyman, Michael"]
[Result "0-1"]
[WhiteElo "1200"]
[BlackElo "1438"]
[PlyCount "70"]

1. e4 d5 2. d3 dxe4 3. dxe4 Qxd1+ 4. Kxd1 Nf6 5. Bd3 Nc6 6. Nf3 Bg4 7. Be3 O-O-O 8. Ke2 e6 9. Nc3 Ne5 10. Rad1 Nxd3 11. cxd3 Nd7 12. Nb5 a6 13. Na7+ Kb8 14. Rc1 c5 15. h3 Bxf3+ 16. Kxf3 Kxa7 17. Rc2 Ne5+ 18. Ke2 b6 19. Rd1 Be7 20. b4 Rc8 21. Rdc1 Nd7 22. bxc5 bxc5 23. d4 Rc6 24. d5 exd5 25. exd5 Rd6 26. Bxc5+ Nxc5 27. Rxc5 Rb6 28. Rc7+ Rb7 29. Rxb7+ Kxb7 30. g3 Rd8 31. Rd1 Kc7 32. Ke3 Rb8 33. Rd2 Kd6 34. Ke4 Rb4+ 35. Kf5 g6# 0-1

[Event "SW Autumn"]
[Site "?"]
[Date "2022.10.16"]
[Round "5"]
[White "Robinson, David"]
[Black "Gibbs, Dominic"]
[Result "1/2-1/2"]
[WhiteElo "1832"]
[BlackElo "1845"]
[PlyCount "70"]

1. d4 d6 2. Nf3 Bg4 3. Bf4 Nd7 4. Nbd2 g6 5. h3 Bxf3 6. Nxf3 Bg7 7. e3 e5 8. Bh2 Ne7 9. Be2 O-O 10. O-O Kh8 11. c3 e4 12. Nd2 f5 13. Qc2 Nf6 14. c4 Qd7 15. f3 Rae8 16. fxe4 fxe4 17. Qb3 Nf5 18. Rae1 Bh6 19. Bd1 Nxd4 20. Qxb7 Nf5 21. Qb3 Bg7 22. Qa3 Rb8 23. b4 Qe7 24. Nb3 Nd7 25. Na5 Rb6 26. Ba4 Ne5 27. c5 dxc5 28. bxc5 Rb2 29. Bxe5 Qxe5 30. Nc4 Rxg2+ 31. Kxg2 Qg3+ 32. Kh1 Qxh3+ 33. Kg1 Qg4+ 34. Kh2 Qh5+ 35. Kg1 Qg4+ 1/2-1/2

[Event "SW Autumn"]
[Site "?"]
[Date "2022.10.16"]
[Round "5"]
[White "Hatchett, Paul"]
[Black "Scarpignato, Samuele"]
[Result "1-0"]
[WhiteElo "1971"]
[BlackElo "1500"]
[PlyCount "51"]

1. c4 e6 2. Nc3 f5 3. e4 fxe4 4. Nxe4 Nf6 5. Ng3 Be7 6. Nf3 O-O 7. d4 d6 8. Bd3 Nc6 9. O-O b6 10. Qe2 Qd7 11. Re1 Re8 12. a3 e5 13. Bg5 Bb7 14. Bf5 Qd8 15. dxe5 dxe5 16. Rad1 Nd4 17. Qxe5 Nxf3+ 18. gxf3 Bd6 19. Be6+ Kh8 20. Qc3 h6 21. Bh4 g5 22. Nh5 Rf8 23. Bg3 Bc8 24. Be5 Bxe6 25. Bxf6+ Rxf6 26. Rxe6 1-0

[Event "SW Autumn"]
[Site "?"]
[Date "2022.10.16"]
[Round "5"]
[White "Quinn, Peter"]
[Black "Thomas, Mark"]
[Result "1/2-1/2"]
[WhiteElo "1659"]
[BlackElo "1826"]
[PlyCount "99"]

1. e4 g6 2. d4 Bg7 3. Nc3 d6 4. Bd3 a6 5. Nge2 b5 6. a3 Bb7 7. Be3 Nd7 8. b4 Rc8 9. Rb1 Ngf6 10. f3 c5 11. dxc5 dxc5 12. bxc5 O-O 13. O-O Nxc5 14. Qd2 Qc7 15. Nd1 Rfd8 16. Nf2 Rd7 17. Rfc1 Rcd8 18. Qb4 Ne6 19. a4 Bc6 20. axb5 axb5 21. Ra1 Nh5 22. Ra7 Qb8 23. Rxd7 Rxd7 24. Nc3 Nhf4 25. Rd1 Nxd3 26. Rxd3 Qe5 27. Rxd7 Bxd7 28. Ncd1 Bf8 29. Qd2 Bc6 30. Qc3 Qd6 31. Qd3 Qc7 32. Ng4 Bg7 33. g3 h5 34. Ngf2 g5 35. Nc3 Qb7 36. Nd5 Kf8 37. Bc1 Bd4 38. Be3 Qa7 39. Bxd4 Qxd4 40. Kg2 Qe5 41. c4 bxc4 42. Qxc4 Bxd5 43. Qxd5 Qxd5 44. exd5 Nc7 45. Ne4 Nxd5 46. Nxg5 Kg7 47. Kh3 Kg6 48. f4 e5 49. Nxf7 Kxf7 50. fxe5 1/2-1/2

[Event "SW Autumn"]
[Site "?"]
[Date "2022.10.16"]
[Round "5"]
[White "Brown, Thomas"]
[Black "Jukes, Sam"]
[Result "0-1"]
[WhiteElo "2115"]
[BlackElo "1902"]
[PlyCount "104"]

1. d4 Nf6 2. c4 b6 3. Nc3 Bb7 4. Qc2 d5 5. cxd5 Nxd5 6. Nf3 e6 7. e4 Nxc3 8. bxc3 Be7 9. Bb5+ c6 10. Be2 O-O 11. O-O c5 12. Rd1 Qc7 13. d5 exd5 14. exd5 Nd7 15. c4 Bf6 16. Rb1 Rfe8 17. Ng5 Bxg5 18. Bxg5 Qe5 19. Be3 Nf8 20. Bd3 Bc8 21. Bd2 Bg4 22. Re1 Qd6 23. Rxe8 Rxe8 24. Re1 Rxe1+ 25. Bxe1 Bh5 26. f3 Qe5 27. Bg3 Qd4+ 28. Kh1 Bg6 29. Bxg6 hxg6 30. h3 Nd7 31. Qa4 Nf6 32. Qxa7 Nh5 33. Qb8+ Kh7 34. Be5 Qe3 35. Kh2 f5 36. Bg3 g5 37. Qe5 Qd3 38. Be1 Nf6 39. Qc3 Qe2 40. d6 g4 41. fxg4 fxg4 42. a4 Ne4 43. Qa1 Qf1 44. hxg4 Qf4+ 45. g3 Qf1 46. Qb1 Qe2+ 47. Kh3 Qf1+ 48. Kh2 Qe2+ 49. Kh3 g6 50. d7 Ng5+ 51. Kh4 Nf3+ 52. Kh3 Qh2# 0-1

[Event "SW Autumn"]
[Site "?"]
[Date "2022.10.16"]
[Round "5"]
[White "Rathbone-Jones, Ifan"]
[Black "Turner, Joseph"]
[Result "1/2-1/2"]
[WhiteElo "1924"]
[BlackElo "1865"]
[PlyCount "115"]

1. d4 Nf6 2. Bf4 g6 3. Nc3 d5 4. Nf3 Bg7 5. e3 O-O 6. Be2 c5 7. O-O cxd4 8. exd4 Nc6 9. Ne5 Ne4 10. Nxc6 bxc6 11. Nxe4 dxe4 12. c3 h6 13. Bc4 e6 14. Qa4 Bd7 15. Bd6 Re8 16. Qc2 e5 17. Qxe4 exd4 18. Qxg6 Be6 19. Qg3 Bxc4 20. Rfd1 Qg5 21. cxd4 Qxg3 22. hxg3 Re2 23. b3 Bd5 24. Bc5 a6 25. Rd3 Rae8 26. a4 Rc2 27. Rf1 Ree2 28. b4 Be4 29. Rb3 Rcd2 30. b5 cxb5 31. axb5 axb5 32. Rxb5 Bxd4 33. Bxd4 Rxd4 34. Rh5 Kg7 35. Rh4 Rdd2 36. Rf4 Bg6 37. Rc1 Re4 38. Rxe4 Bxe4 39. Rc4 f5 40. g4 Rc2 41. Rb4 Rc1+ 42. Kh2 Rf1 43. gxf5 Bxf5 44. Kg3 Rb1 45. Rc4 Kf6 46. f3 Rb2 47. Rc6+ Kg5 48. Rd6 Rb4 49. Kh2 h5 50. g4 hxg4 51. fxg4 Rxg4 52. Rd8 Kf4 53. Rb8 Rg7 54. Rb6 Be4 55. Rf6+ Ke3 56. Kh3 Bf3 57. Kh4 Kf2 58. Rf4 1/2-1/2

[Event "SW Autumn"]
[Site "?"]
[Date "2022.10.16"]
[Round "5"]
[White "Dillan, Duke"]
[Black "Westcott, Dale"]
[Result "1-0"]
[WhiteElo "1945"]
[BlackElo "1625"]
[PlyCount "85"]

1. e4 c6 2. d4 d5 3. Nc3 dxe4 4. Nxe4 Nf6 5. Nxf6+ exf6 6. c3 Bd6 7. Bd3 O-O 8. Qc2 Re8+ 9. Ne2 h5 10. Be3 Be6 11. c4 Na6 12. a3 Rc8 13. Qa4 Bf8 14. Nf4 g6 15. O-O Bg7 16. Rad1 f5 17. c5 Rb8 18. Nxe6 fxe6 19. Bf4 e5 20. Bxe5 Bxe5 21. Bc4+ Kg7 22. dxe5 Qh4 23. f4 Nxc5 24. Qxa7 Ne4 25. Qe3 Rbd8 26. Bd3 Nf6 27. exf6+ Kxf6 28. Qg3 Qxg3 29. hxg3 Re3 30. Bc4 Rxd1 31. Rxd1 Rxg3 32. Kf2 h4 33. Rd7 g5 34. Rf7+ Kg6 35. Rxb7 Rg4 36. b3 Rxf4+ 37. Kg1 g4 38. a4 g3 39. a5 Rd4 40. a6 Rd1+ 41. Bf1 Ra1 42. Rb4 Kg5 43. Ra4 1-0

[Event "SW Autumn"]
[Site "?"]
[Date "2022.10.16"]
[Round "5"]
[White "Shelgaonkar, Yogesh"]
[Black "Thomas, Roy"]
[Result "1-0"]
[WhiteElo "1240"]
[BlackElo "1674"]
[PlyCount "135"]

1. e4 c5 2. Nf3 Nc6 3. d4 cxd4 4. Nxd4 e5 5. Nb5 d6 6. N1c3 a6 7. Na3 Be7 8. Nc4 b5 9. Ne3 Nf6 10. Ned5 O-O 11. Be3 Rb8 12. Bd3 Ng4 13. O-O Nxe3 14. Nxe3 Be6 15. Ncd5 Qd7 16. a4 Bg5 17. axb5 axb5 18. Ra6 Bxe3 19. fxe3 Bxd5 20. exd5 Nb4 21. Ra5 f5 22. Qe2 Nxd3 23. Qxd3 e4 24. Qd4 Qc7 25. Ra7 Rb7 26. Rfa1 Rfb8 27. Rxb7 Rxb7 28. Ra8+ Kf7 29. Ra6 Kg8 30. Rc6 Qe7 31. Qb4 Rc7 32. Rxc7 Qxc7 33. Qxb5 Kf7 34. Qc6 Qe7 35. Qc3 Qa7 36. Kf2 f4 37. Qa3 Qb6 38. Qb3 fxe3+ 39. Qxe3 Qxb2 40. Qxe4 g6 41. Kg3 Kg7 42. Qe7+ Kh6 43. Qf8+ Kh5 44. Qf4 g5 45. Qf5 Kh6 46. Qf8+ Kh5 47. Qf7+ Kh6 48. Qe6+ Kh5 49. Qe4 Kh6 50. h3 Qc3+ 51. Kg4 Kg7 52. Qe7+ Kg8 53. Qxg5+ Kf7 54. Qf5+ Kg7 55. Qd7+ Kg8 56. Qe8+ Kg7 57. Qe7+ Kg8 58. Qxd6 Qxc2 59. Qe6+ Kh8 60. Qe5+ Kg8 61. d6 Qxg2+ 62. Kf4 Qxh3 63. Qg5+ Kh8 64. Ke5 Qc3+ 65. Ke6 Qc4+ 66. Kf6 Qd4+ 67. Qe5 Qxe5+ 68. Kxe5 1-0

[Event "SW Autumn"]
[Site "?"]
[Date "2022.10.16"]
[Round "5"]
[White "Williams, Luke"]
[Black "Wu, Yuxuan"]
[Result "0-1"]
[WhiteElo "1606"]
[BlackElo "1531"]
[PlyCount "111"]

1. e4 c5 2. d4 cxd4 3. c3 d5 4. Qxd4 dxe4 5. Qxe4 Nf6 6. Bb5+ Nbd7 7. Qa4 e6 8. Nf3 Be7 9. O-O O-O 10. Rd1 Qc7 11. Bf4 Qb6 12. Qc4 Nd5 13. Bc1 Bc5 14. Rf1 a6 15. Bxd7 Bxd7 16. Qh4 Be7 17. Qg3 Qc7 18. Qxc7 Nxc7 19. Ne5 Rfd8 20. Nxd7 Rxd7 21. Nd2 Rad8 22. Ne4 Nd5 23. Bg5 Bxg5 24. Nxg5 Nb6 25. Ne4 h6 26. b3 Nd5 27. Rad1 Nf6 28. Rxd7 Rxd7 29. Nc5 Rc7 30. b4 a5 31. Rc1 Nd5 32. a3 b6 33. Nd3 Rxc3 34. Rxc3 Nxc3 35. bxa5 bxa5 36. Nc5 Kf8 37. a4 Ke7 38. Nb7 Nxa4 39. Nxa5 e5 40. Nc4 Ke6 41. Ne3 Nc3 42. f3 f5 43. g3 g5 44. Kf2 Nd5 45. Nc4 Nf6 46. h3 h5 47. f4 gxf4 48. gxf4 e4 49. Ne5 Nd5 50. Nc4 Nxf4 51. Kg3 Ng6 52. Kf2 f4 53. Nb2 Ne5 54. Ke1 Kd5 55. Ke2 f3+ 56. Kf2 0-1

[Event "SW Autumn"]
[Site "?"]
[Date "2022.10.16"]
[Round "5"]
[White "Horrell, Stephen"]
[Black "Enoch, Stuart"]
[Result "1-0"]
[WhiteElo "1600"]
[BlackElo "1440"]
[PlyCount "79"]

1. e4 d5 2. exd5 Nf6 3. d4 e6 4. Nf3 exd5 5. Bd3 Bg4 6. O-O Be7 7. Be3 Nbd7 8. Nbd2 O-O 9. c3 c5 10. Qc2 c4 11. Bf5 b5 12. a3 a5 13. Rfe1 b4 14. Bf4 b3 15. Qb1 a4 16. Bxg4 Nxg4 17. Qf5 Ngf6 18. Ne5 Nxe5 19. Bxe5 Ra6 20. f4 Re6 21. Nf3 h6 22. Qh3 Bd6 23. Bxd6 Qxd6 24. Ne5 Ne4 25. Qf3 Rfe8 26. Re2 Kh7 27. Rae1 Nf6 28. g4 Qc7 29. g5 Ne4 30. h4 hxg5 31. hxg5 Rh8 32. Rh2+ Kg8 33. Rxh8+ Kxh8 34. Kg2 Kg8 35. Rh1 f6 36. gxf6 gxf6 37. Rh6 Qf7 38. Qg4+ Kf8 39. Nxf7 Kxf7 40. Rh7+ 1-0